[Event "SM-2022-0-00491"]
[Site "LSS email"]
[Date "2022.11.16"]
[Round "?"]
[White "Schubert, Volker"]
[Black "Sorcinelli, Andrea"]
[Result "1/2-1/2"]
[WhiteElo "2264"]
[BlackElo "2293"]
[PlyCount "38"]
[EventDate "2022.10.29"]
[EventType "tourn (corr)"]
[EventRounds "6"]
[EventCountry "GER"]
[SourceTitle "Corr 2024"]
[Source "ChessBase"]
[SourceDate "2023.10.19"]
[SourceVersion "1"]
[SourceVersionDate "2023.10.19"]
[SourceQuality "1"]

1. d4 Nf6 2. c4 e6 3. g3 d5 4. Nf3 Bb4+ 5. Bd2 Be7 6. Bg2 0-0 7. 0-0 c6 8. Qc2 b6 9. Bf4 Bb7 10. Ne5 Nbd7 11. Rd1 Nh5 12. Bd2 Nhf6 13. cxd5 cxd5 14. Nc6 Qe8 15. Nxe7+ Qxe7 16. Nc3 Rfc8 17. Be1 Ne4 18. b3 Nxc3 19. Bxc3 Nf6 1/2-1/2

[Event "SM-2022-0-00459"]
[Site "LSS email"]
[Date "2022.01.14"]
[Round "?"]
[White "Kazimierski, Tomasz"]
[Black "Schubert, Volker"]
[Result "1/2-1/2"]
[WhiteElo "2164"]
[BlackElo "2239"]
[PlyCount "84"]
[EventDate "2021.12.18"]
[EventType "tourn (corr)"]
[EventRounds "6"]
[EventCountry "GER"]
[SourceTitle "Corr 2024"]
[Source "ChessBase"]
[SourceDate "2023.10.19"]
[SourceVersion "1"]
[SourceVersionDate "2023.10.19"]
[SourceQuality "1"]

1. d4 d5 2. c4 c6 3. Nf3 Nf6 4. e3 e6 5. b3 Nbd7 6. Bd3 Bd6 7. Bb2 0-0 8. 0-0 b6 9. Nc3 Bb7 10. Re1 Re8 11. Qc2 h6 12. Rad1 c5 13. cxd5 exd5 14. Bf5 Qe7 15. Nb5 Bb8 16. Rc1 a6 17. Nc3 Bd6 18. Ne2 Rad8 19. Ng3 g6 20. Bh3 Nh7 21. Bxd7 Rxd7 22. h4 h5 23. dxc5 bxc5 24. a3 Qe6 25. Qc3 f6 26. Qc2 Nf8 27. b4 cxb4 28. axb4 Bxb4 29. Red1 Bd6 30. Ne2 Rc8 31. Bc3 Kf7 32. Qa4 Rc4 33. Qa1 d4 34. Nexd4 Qg4 35. Qa2 Bd5 36. Qxa6 Bc5 37. Ne2 Rd6 38. Qxd6 Bxd6 39. Rxd5 Be7 40. Ra1 Ra4 41. Rc1 Ne6 42. Bd4 Rb4 1/2-1/2

[Event "SM-2022-0-00459"]
[Site "LSS email"]
[Date "2022.01.13"]
[Round "?"]
[White "Schubert, Volker"]
[Black "Rolle, Hannes"]
[Result "1/2-1/2"]
[WhiteElo "2239"]
[BlackElo "2274"]
[PlyCount "52"]
[EventDate "2021.12.18"]
[EventType "tourn (corr)"]
[EventRounds "6"]
[EventCountry "GER"]
[SourceTitle "Corr 2024"]
[Source "ChessBase"]
[SourceDate "2023.10.19"]
[SourceVersion "1"]
[SourceVersionDate "2023.10.19"]
[SourceQuality "1"]

1. d4 Nf6 2. c4 g6 3. Nc3 d5 4. cxd5 Nxd5 5. e4 Nxc3 6. bxc3 Bg7 7. Nf3 c5 8. Be3 Bg4 9. Rc1 0-0 10. Be2 Qa5 11. 0-0 Qxa2 12. Rb1 cxd4 13. cxd4 Nc6 14. Ra1 Qb2 15. Rb1 Qa3 16. d5 Ne5 17. Nxe5 Bxe2 18. Qxe2 Bxe5 19. f4 Bd6 20. Kh1 Rac8 21. Rxb7 Rc3 22. Bg1 Bc5 23. Bxc5 Qxc5 24. h3 Rc8 25. Qf2 Qxf2 26. Rxf2 R8c7 1/2-1/2

[Event "SM-2022-0-00459"]
[Site "LSS email"]
[Date "2022.01.10"]
[Round "?"]
[White "Schubert, Volker"]
[Black "Boni, Roberto"]
[Result "1/2-1/2"]
[WhiteElo "2239"]
[BlackElo "2298"]
[PlyCount "45"]
[EventDate "2021.12.18"]
[EventType "tourn (corr)"]
[EventRounds "6"]
[EventCountry "GER"]
[SourceTitle "Corr 2024"]
[Source "ChessBase"]
[SourceDate "2023.10.19"]
[SourceVersion "1"]
[SourceVersionDate "2023.10.19"]
[SourceQuality "1"]

1. d4 d5 2. c4 c6 3. Nf3 Nf6 4. Nc3 e6 5. Bg5 h6 6. Bxf6 Qxf6 7. e3 g6 8. Be2 Bg7 9. 0-0 0-0 10. e4 dxe4 11. Nxe4 Qf4 12. Qc2 c5 13. dxc5 a5 14. Rfd1 Bd7 15. g3 Qc7 16. Nd4 Bc6 17. Bf3 Bxe4 18. Qxe4 Qxc5 19. Rab1 a4 20. b3 axb3 21. Nxb3 Qc6 22. Qe2 Qc8 23. Nd4 1/2-1/2

[Event "SM-2021-0-00441"]
[Site "LSS email"]
[Date "2021.02.24"]
[Round "?"]
[White "Susla, Vitaliy"]
[Black "Schubert, Volker"]
[Result "1/2-1/2"]
[WhiteElo "2315"]
[BlackElo "2240"]
[PlyCount "38"]
[EventDate "2020.12.31"]
[EventType "tourn (corr)"]
[EventRounds "6"]
[EventCountry "GER"]
[SourceTitle "Corr 2024"]
[Source "ChessBase"]
[SourceDate "2023.10.19"]
[SourceVersion "1"]
[SourceVersionDate "2023.10.19"]
[SourceQuality "1"]

1. e4 c5 2. Nf3 Nc6 3. d4 cxd4 4. Nxd4 e6 5. Nc3 Qc7 6. Be3 a6 7. Be2 Nf6 8. 0-0 Be7 9. f4 d6 10. Qe1 0-0 11. Kh1 Nxd4 12. Bxd4 b5 13. a3 Nd7 14. Bf3 Bb7 15. Rd1 Rac8 16. Ne2 Bf6 17. Ng3 Bxd4 18. Rxd4 Nb6 19. b3 Qxc2 1/2-1/2

[Event "SM-2020-0-00424"]
[Site "LSS email"]
[Date "2020.04.07"]
[Round "?"]
[White "Bujdak, Pavel"]
[Black "Schubert, Volker"]
[Result "1/2-1/2"]
[WhiteElo "2215"]
[BlackElo "2243"]
[PlyCount "46"]
[EventDate "2020.02.14"]
[EventType "tourn (corr)"]
[EventRounds "6"]
[EventCountry "GER"]
[SourceTitle "Corr 2024"]
[Source "ChessBase"]
[SourceDate "2023.10.19"]
[SourceVersion "1"]
[SourceVersionDate "2023.10.19"]
[SourceQuality "1"]

1. e4 c5 2. Nf3 Nc6 3. d4 cxd4 4. Nxd4 Qc7 5. Nc3 e6 6. f4 a6 7. Nxc6 Qxc6 8. Bd3 b5 9. Qe2 Bb7 10. Bd2 Rc8 11. a3 h5 12. 0-0-0 Nf6 13. Kb1 b4 14. axb4 Bxb4 15. Nd5 Bxd2 16. Nxf6+ gxf6 17. Qxd2 Qb6 18. Be2 Rc7 19. Bf3 Ke7 20. e5 fxe5 21. fxe5 Bxf3 22. gxf3 Rb7 23. b3 Rg8 1/2-1/2

[Event "SM-2020-0-00418"]
[Site "LSS email"]
[Date "2020.01.17"]
[Round "?"]
[White "Aberbach Peltzman, Angel Sergio"]
[Black "Schubert, Volker"]
[Result "1/2-1/2"]
[WhiteElo "2334"]
[BlackElo "2287"]
[PlyCount "56"]
[EventDate "2020.01.17"]
[EventType "tourn (corr)"]
[EventRounds "6"]
[EventCountry "GER"]
[SourceTitle "Corr 2022"]
[Source "ChessBase"]
[SourceDate "2021.10.24"]
[SourceVersion "1"]
[SourceVersionDate "2021.10.24"]
[SourceQuality "1"]

1. d4 d5 2. c4 c6 3. Nf3 Nf6 4. Nc3 e6 5. e3 Nbd7 6. Qc2 Bd6 7. b3 0-0 8. Bb2 e5 9. Be2 e4 10. Nd2 Nb8 11. Qc1 a5 12. Ba3 Bb4 13. Bb2 Na6 14. 0-0 Bd6 15. f3 exf3 16. Nxf3 Re8 17. Ne5 Be6 18. Qe1 Qe7 19. Rd1 Bc7 20. Qh4 h6 21. h3 Rad8 22. cxd5 Nxd5 23. Qxe7 Nxe7 24. Nxc6 Nxc6 25. d5 Bd7 26. dxc6 Bxc6 27. Bc4 Re7 28. Nd5 Red7 1/2-1/2

[Event "SM-2019-0-00406"]
[Site "LSS email"]
[Date "2019.03.03"]
[Round "?"]
[White "Schubert, Volker"]
[Black "Schmalz, Peter"]
[Result "1/2-1/2"]
[WhiteElo "2235"]
[BlackElo "2344"]
[PlyCount "53"]
[EventDate "2018.12.14"]
[EventType "tourn (corr)"]
[EventRounds "6"]
[EventCountry "GER"]
[SourceTitle "Corr 2022"]
[Source "ChessBase"]
[SourceDate "2021.10.24"]
[SourceVersion "1"]
[SourceVersionDate "2021.10.24"]
[SourceQuality "1"]

1. d4 d5 2. c4 c6 3. Nf3 Nf6 4. Nc3 e6 5. e3 Nbd7 6. Qc2 Bd6 7. b3 0-0 8. Bd3 e5 9. cxd5 cxd5 10. dxe5 Nxe5 11. Nxe5 Bxe5 12. Bb2 Re8 13. Ne2 d4 14. e4 Bd6 15. f3 Qa5+ 16. Kf2 Be6 17. Rac1 Rac8 18. Qb1 Rcd8 19. Bxd4 Ba3 20. b4 Bxb4 21. Rhd1 Nd7 22. Bc4 Nf8 23. Qb3 h6 24. g3 b5 25. Bd5 Bxd5 26. exd5 Ng6 27. Rb1 1/2-1/2

[Event "RA-2018-0-00609"]
[Site "LSS email"]
[Date "2018.12.19"]
[Round "?"]
[White "Schubert, Volker"]
[Black "Morcin, Tom"]
[Result "1/2-1/2"]
[WhiteElo "2237"]
[BlackElo "2215"]
[PlyCount "27"]
[EventDate "2018.11.15"]
[EventType "tourn (corr)"]
[EventRounds "6"]
[EventCountry "GER"]
[SourceTitle "Corr 2022"]
[Source "ChessBase"]
[SourceDate "2021.10.24"]
[SourceVersion "1"]
[SourceVersionDate "2021.10.24"]
[SourceQuality "1"]

1. d4 Nf6 2. c4 e6 3. g3 d5 4. Nf3 Be7 5. Qc2 0-0 6. Bg2 c5 7. dxc5 Qa5+ 8. Nc3 dxc4 9. 0-0 Nc6 10. Bg5 Qxc5 11. Bxf6 gxf6 12. Rfd1 f5 13. e4 Rb8 14. Na4 1/2-1/2

[Event "CP-2018-P-00022"]
[Site "LSS email"]
[Date "2018.09.27"]
[Round "?"]
[White "Schubert, Volker"]
[Black "Salonen, Jukka"]
[Result "1-0"]
[WhiteElo "2228"]
[BlackElo "1859"]
[PlyCount "103"]
[EventDate "2018.10.01"]
[EventType "tourn (corr)"]
[EventRounds "6"]
[EventCountry "GER"]
[SourceTitle "Corr 2022"]
[Source "ChessBase"]
[SourceDate "2021.10.24"]
[SourceVersion "1"]
[SourceVersionDate "2021.10.24"]
[SourceQuality "1"]

1. d4 d5 2. c4 e6 3. Nf3 Nf6 4. g3 dxc4 5. Bg2 c5 6. 0-0 Nc6 7. Qa4 Bd7 8. Qxc4 cxd4 9. Nxd4 Rc8 10. Nc3 Nxd4 11. Qxd4 Bc5 12. Qf4 Qb6 13. Na4 Bxa4 14. Qxa4+ Ke7 15. e3 Rc7 16. a3 Bd6 17. Rb1 Rhc8 18. Bd2 Rc4 19. Qd1 Kf8 20. Bc3 Be7 21. Qd3 Qc7 22. Rfd1 g6 23. h3 e5 24. Qe2 a6 25. Rbc1 e4 26. Be5 Qxe5 27. Rxc4 Rxc4 28. Qxc4 Qxb2 29. a4 b5 30. Qc8+ Kg7 31. a5 Qe2 32. Rc1 b4 33. Bf1 Qa2 34. Rc7 b3 35. Rxe7 b2 36. Rb7 b1Q 37. Rxb1 Qxb1 38. Qxa6 Qb8 39. Qb5 Qxb5 40. Bxb5 Nd5 41. a6 Nb6 42. Bc6 Nc8 43. Bxe4 f6 44. Kf1 Kf8 45. Ke2 Na7 46. Bb7 Kg7 47. Kd3 Nb5 48. Kc4 Nc7 49. a7 Kf7 50. Kc5 Ke7 51. Kc6 Kd8 52. g4 1-0

[Event "WC-2018-P-00017"]
[Site "LSS email"]
[Date "2018.01.22"]
[Round "?"]
[White "Koch, Christian"]
[Black "Schubert, Volker"]
[Result "1/2-1/2"]
[WhiteElo "2271"]
[BlackElo "2227"]
[PlyCount "61"]
[EventDate "2018.02.01"]
[EventType "tourn (corr)"]
[EventRounds "12"]
[EventCountry "GER"]
[SourceTitle "Corr 2022"]
[Source "ChessBase"]
[SourceDate "2021.10.24"]
[SourceVersion "1"]
[SourceVersionDate "2021.10.24"]
[SourceQuality "1"]

1. e4 c5 2. Nf3 Nc6 3. d4 cxd4 4. Nxd4 Qc7 5. Nc3 e6 6. Be3 a6 7. a3 b5 8. Nxc6 Qxc6 9. Qd4 Bb7 10. Be2 Rc8 11. Bf3 Qc7 12. Rd1 Ne7 13. Qd2 Rd8 14. Bf4 Qb6 15. Bg5 h6 16. Be3 Qc7 17. 0-0 Nc6 18. Kh1 d6 19. Be2 Be7 20. f4 Bf6 21. f5 Ne5 22. fxe6 fxe6 23. Bh5+ Kd7 24. b3 Ke7 25. a4 b4 26. Ne2 Bxe4 27. Ng3 Bc6 28. Qxb4 Qb7 29. Qxb7+ Bxb7 30. c4 Rhf8 31. c5 1/2-1/2

[Event "WC-2018-P-00017"]
[Site "LSS email"]
[Date "2018.01.22"]
[Round "?"]
[White "Martins, Karin"]
[Black "Schubert, Volker"]
[Result "0-1"]
[WhiteElo "1768"]
[BlackElo "2227"]
[PlyCount "61"]
[EventDate "2018.02.01"]
[EventType "tourn (corr)"]
[EventRounds "12"]
[EventCountry "GER"]
[SourceTitle "Corr 2022"]
[Source "ChessBase"]
[SourceDate "2021.10.24"]
[SourceVersion "1"]
[SourceVersionDate "2021.10.24"]
[SourceQuality "1"]

1. e4 c5 2. Nf3 Nc6 3. d4 cxd4 4. Nxd4 Qc7 5. Nb5 Qb8 6. N1c3 a6 7. Na3 b5 8. Nab1 e6 9. Bd3 Nf6 10. 0-0 Bc5 11. Nd2 h5 12. Nf3 Ng4 13. Ne2 Nce5 14. Nxe5 Qxe5 15. Bf4 Qf6 16. Qe1 g5 17. Bd2 Qe5 18. g3 Qf6 19. Bc3 e5 20. Bb4 Bb6 21. h3 Qf3 22. c4 bxc4 23. Bc5 Bxc5 24. Rc1 h4 25. Rxc4 hxg3 26. Rxc5 g2 27. Rxe5+ Nxe5 28. Qc3 Rxh3 29. Qxe5+ Kf8 30. Qc5+ d6 31. Qxd6+ 0-1

[Event "WC-2018-P-00017"]
[Site "LSS email"]
[Date "2018.01.22"]
[Round "?"]
[White "Sadowski, Marek"]
[Black "Schubert, Volker"]
[Result "1/2-1/2"]
[WhiteElo "2283"]
[BlackElo "2227"]
[PlyCount "73"]
[EventDate "2018.02.01"]
[EventType "tourn (corr)"]
[EventRounds "12"]
[EventCountry "GER"]
[SourceTitle "Corr 2022"]
[Source "ChessBase"]
[SourceDate "2021.10.24"]
[SourceVersion "1"]
[SourceVersionDate "2021.10.24"]
[SourceQuality "1"]

1. d4 d5 2. c4 c6 3. Nf3 Nf6 4. Nc3 e6 5. Bg5 Be7 6. e3 0-0 7. Bd3 Nbd7 8. 0-0 dxc4 9. Bxc4 b5 10. Bd3 Bb7 11. Rc1 a6 12. Ne4 Nxe4 13. Bxe7 Qxe7 14. Bxe4 Rac8 15. Nd2 f5 16. Bf3 e5 17. Nb3 e4 18. Be2 c5 19. dxc5 Nxc5 20. Nxc5 Rxc5 21. a4 h6 22. axb5 axb5 23. Qb3+ Bd5 24. Qa3 Rc7 25. Qxe7 Rxe7 26. Bxb5 Rb7 27. Rc5 Be6 28. Ra1 Rfb8 29. Ra5 g6 30. b4 Bf7 31. h4 h5 32. Kh2 Kg7 33. Kg3 Rb6 34. Kf4 Kh6 35. Re5 R6b7 36. Rc5 Bg8 37. Ke5 1/2-1/2

[Event "WC-2018-P-00017"]
[Site "LSS email"]
[Date "2018.01.22"]
[Round "?"]
[White "Schubert, Volker"]
[Black "Kolar, Jaroslav"]
[Result "1-0"]
[WhiteElo "2227"]
[BlackElo "2144"]
[PlyCount "69"]
[EventDate "2018.02.01"]
[EventType "tourn (corr)"]
[EventRounds "12"]
[EventCountry "GER"]
[SourceTitle "Corr 2022"]
[Source "ChessBase"]
[SourceDate "2021.10.24"]
[SourceVersion "1"]
[SourceVersionDate "2021.10.24"]
[SourceQuality "1"]

1. d4 Nf6 2. c4 g6 3. Nf3 d5 4. cxd5 Nxd5 5. e4 Nb6 6. h3 Bg7 7. Nc3 0-0 8. Be2 Nc6 9. Be3 f5 10. Qb3+ Kh8 11. exf5 Na5 12. Qb5 Rxf5 13. Ne5 Nc6 14. Rd1 Nxe5 15. dxe5 Qf8 16. f4 Be6 17. 0-0 c6 18. Qb4 Rf7 19. Bg4 Nd5 20. Nxd5 Bxg4 21. hxg4 cxd5 22. Qxb7 e6 23. Qc6 Re7 24. Rc1 Ree8 25. Bc5 Qf7 26. Bd6 a5 27. Qa4 Ra7 28. Rc6 Qd7 29. Qc2 a4 30. Rf3 Bf8 31. Rfc3 Qf7 32. Rc8 Ra8 33. Rxa8 Rxa8 34. Rc8 Rxc8 35. Qxc8 1-0

[Event "Mecklenburg VP LL2 Ost 1718"]
[Site "Mecklenburg VP"]
[Date "2017.11.12"]
[Round "2.7"]
[White "Sommer, Hans Hermann"]
[Black "Schubert, Volker"]
[Result "1-0"]
[WhiteElo "1713"]
[BlackElo "1867"]
[PlyCount "96"]
[EventDate "2017.10.08"]
[EventType "team-tourn"]
[EventRounds "9"]
[EventCountry "GER"]
[SourceTitle "EXT 2022"]
[Source "ChessBase"]
[SourceDate "2021.10.06"]
[SourceVersion "1"]
[SourceVersionDate "2021.10.06"]
[SourceQuality "1"]
[WhiteTeam "Neubrandenburg SG Eintracht II"]
[BlackTeam "Wolgast Motor"]
[WhiteTeamCountry "GER"]
[BlackTeamCountry "GER"]

1. e4 c5 2. d4 cxd4 3. c3 Nf6 4. e5 Nd5 5. Nf3 Nc6 6. Bc4 Nb6 7. Bb3 e6 8. 0-0 Be7 9. cxd4 d6 10. Qe2 d5 11. Nc3 a6 12. Be3 Nd7 13. Rac1 Na5 14. Bc2 Nc4 15. Bb1 Nxe3 16. fxe3 g6 17. e4 dxe4 18. Bxe4 f5 19. exf6 Nxf6 20. Bc2 0-0 21. Rcd1 Nd5 22. Nxd5 exd5 23. Ne5 Qd6 24. Rxf8+ Bxf8 25. Bb3 Be6 26. Rf1 Bg7 27. Re1 Re8 28. Qf2 Re7 29. Nf3 Bf7 30. Rxe7 Qxe7 31. Kf1 h6 32. Qe2 Kf8 33. Ne5 Bxe5 34. dxe5 Qe6 35. Qe3 g5 36. h3 Kg7 37. g4 Qd7 38. Qd4 Be6 39. Ke1 Qc7 40. Kd2 Qa5+ 41. Qc3 Qb6 42. Qe3 Qa5+ 43. Kd1 Qc7 44. Bc2 Qc4 45. Qf2 Qf4 46. Qxf4 gxf4 47. Ke2 d4 48. Kf3 Bxa2 1-0

[Event "CP-2017-P-00030"]
[Site "LSS email"]
[Date "2017.09.27"]
[Round "?"]
[White "Bergmann, Michael"]
[Black "Schubert, Volker"]
[Result "1/2-1/2"]
[WhiteElo "2468"]
[BlackElo "2214"]
[PlyCount "49"]
[EventDate "2017.10.01"]
[EventType "tourn (corr)"]
[EventRounds "6"]
[EventCountry "GER"]
[SourceTitle "Corr 2022"]
[Source "ChessBase"]
[SourceDate "2021.10.24"]
[SourceVersion "1"]
[SourceVersionDate "2021.10.24"]
[SourceQuality "1"]

1. c4 Nf6 2. d4 e6 3. Nc3 d5 4. cxd5 exd5 5. Bg5 Be7 6. e3 Nbd7 7. Bd3 0-0 8. Nge2 Re8 9. Qc2 Nf8 10. 0-0 c6 11. Rab1 a5 12. a3 Ng6 13. Rfe1 Nf8 14. Rbd1 g6 15. Nf4 Ne6 16. Nxe6 Bxe6 17. Rc1 Nh5 18. Bxe7 Rxe7 19. Ne2 Bg4 20. b4 axb4 21. axb4 Bxe2 22. Rxe2 Nf6 23. Qb2 Rc7 24. Rec2 Rac8 25. g3 1/2-1/2

[Event "WC-2017-S-00006"]
[Site "LSS email"]
[Date "2017.05.17"]
[Round "?"]
[White "Bendig, Frank"]
[Black "Schubert, Volker"]
[Result "0-1"]
[WhiteElo "2190"]
[BlackElo "2214"]
[PlyCount "72"]
[EventDate "2017.06.01"]
[EventType "tourn (corr)"]
[EventRounds "12"]
[EventCountry "GER"]
[SourceTitle "Corr 2024"]
[Source "ChessBase"]
[SourceDate "2023.10.19"]
[SourceVersion "1"]
[SourceVersionDate "2023.10.19"]
[SourceQuality "1"]

1. g4 d5 2. h3 h5 3. g5 e5 4. d4 exd4 5. Qxd4 Nc6 6. Qd2 Nge7 7. Bg2 Be6 8. Nf3 Qd7 9. b3 Nf5 10. Bb2 0-0-0 11. e3 d4 12. e4 Bb4 13. c3 Ba5 14. Kf1 Nfe7 15. Qd1 Ng6 16. cxd4 f5 17. e5 Ncxe5 18. Nc3 Nc6 19. Kg1 Rhe8 20. Rc1 Kb8 21. Rc2 Qd6 22. Nb5 Qb4 23. Bf1 Qe7 24. h4 Bd5 25. Rh3 Be4 26. Rc4 Bb6 27. Qc1 Qd7 28. Bg2 Bd5 29. Ra4 a6 30. Na3 Re4 31. Nc4 Rg4 32. Nxb6 cxb6 33. Qf1 Nf4 34. Rg3 Nxg2 35. Qxg2 f4 36. Rxg4 hxg4 0-1

[Event "WC-2017-S-00006"]
[Site "LSS email"]
[Date "2017.05.17"]
[Round "?"]
[White "Koch, Christian"]
[Black "Schubert, Volker"]
[Result "1/2-1/2"]
[WhiteElo "2225"]
[BlackElo "2214"]
[PlyCount "79"]
[EventDate "2017.06.01"]
[EventType "tourn (corr)"]
[EventRounds "12"]
[EventCountry "GER"]
[SourceTitle "Corr 2024"]
[Source "ChessBase"]
[SourceDate "2023.10.19"]
[SourceVersion "1"]
[SourceVersionDate "2023.10.19"]
[SourceQuality "1"]

1. e4 c5 2. Nf3 Nc6 3. d4 cxd4 4. Nxd4 Qc7 5. Nc3 e6 6. Be3 a6 7. Qd2 Nf6 8. 0-0-0 Bb4 9. f3 0-0 10. a3 Be7 11. g4 b5 12. h4 Rb8 13. h5 Bb7 14. g5 Ne8 15. Bf4 Bd6 16. Bxd6 Qxd6 17. Nb3 Qxd2+ 18. Rxd2 d6 19. Rg1 Kh8 20. f4 e5 21. f5 h6 22. g6 Ne7 23. Bg2 Ba8 24. Rd3 Rb6 25. Ne2 Kg8 26. Ng3 Rc6 27. Bf3 Nc8 28. Na5 Rc7 29. b3 Nf6 30. Kb2 Rd8 31. Rgd1 Kf8 32. c4 Ke7 33. Re3 Nb6 34. Be2 bxc4 35. Nxc4 Nxc4+ 36. Bxc4 a5 37. a4 Bc6 38. Bxf7 Bb7 39. Be6 Bc8 40. Bd5 1/2-1/2

[Event "WC-2017-S-00006"]
[Site "LSS email"]
[Date "2017.05.17"]
[Round "?"]
[White "Kopasov, Evgeny"]
[Black "Schubert, Volker"]
[Result "1/2-1/2"]
[WhiteElo "2190"]
[BlackElo "2214"]
[PlyCount "103"]
[EventDate "2017.06.01"]
[EventType "tourn (corr)"]
[EventRounds "12"]
[EventCountry "GER"]
[SourceTitle "Corr 2024"]
[Source "ChessBase"]
[SourceDate "2023.10.19"]
[SourceVersion "1"]
[SourceVersionDate "2023.10.19"]
[SourceQuality "1"]

1. d4 d5 2. c4 c6 3. Nf3 Nf6 4. Nc3 Nbd7 5. cxd5 cxd5 6. Bf4 a6 7. e3 e6 8. Bd3 Be7 9. h3 b5 10. 0-0 0-0 11. Rc1 Bb7 12. a4 b4 13. Nb1 Rc8 14. Rxc8 Qxc8 15. Nbd2 a5 16. Qe2 Qa8 17. Rc1 Rc8 18. Rxc8+ Qxc8 19. Nb3 Bd8 20. Bb5 Bb6 21. Ne1 Ne8 22. Nd3 Nc7 23. Bxd7 Qxd7 24. Nbc5 Qc8 25. b3 Ba8 26. h4 Ne8 27. h5 f6 28. Qg4 Kf7 29. h6 g6 30. Bg3 Bb7 31. Bh4 Bxc5 32. Nxc5 Qc6 33. Qf3 Bc8 34. g4 e5 35. g5 e4 36. Qf4 Qc7 37. Bg3 Qxf4 38. Bxf4 fxg5 39. Bxg5 Nf6 40. Kg2 Nd7 41. Bd8 Nxc5 42. dxc5 d4 43. exd4 Be6 44. Bxa5 Bxb3 45. c6 Bxa4 46. c7 Bd7 47. Bxb4 Ke6 48. Bd2 Bc8 49. Kg3 Kf5 50. Bf4 Bd7 51. Bd6 Bc8 52. Be5 1/2-1/2

[Event "WC-2017-S-00006"]
[Site "LSS email"]
[Date "2017.05.17"]
[Round "?"]
[White "Schubert, Volker"]
[Black "Sciarretta, Robert"]
[Result "1/2-1/2"]
[WhiteElo "2214"]
[BlackElo "2199"]
[PlyCount "65"]
[EventDate "2017.06.01"]
[EventType "tourn (corr)"]
[EventRounds "12"]
[EventCountry "GER"]
[SourceTitle "Corr 2024"]
[Source "ChessBase"]
[SourceDate "2023.10.19"]
[SourceVersion "1"]
[SourceVersionDate "2023.10.19"]
[SourceQuality "1"]

1. d4 Nf6 2. Bf4 e6 3. c4 Bb4+ 4. Nc3 0-0 5. Qc2 b6 6. e3 Bxc3+ 7. Qxc3 Bb7 8. Ne2 d5 9. Bg5 h6 10. Bxf6 Qxf6 11. cxd5 Bxd5 12. Nf4 Rc8 13. Nxd5 exd5 14. Be2 Qe6 15. 0-0 c6 16. Rac1 a5 17. Qd2 Nd7 18. Rc3 Nf6 19. Bf3 Rc7 20. Rfc1 Rac8 21. g3 g6 22. Bg2 Qd6 23. R3c2 c5 24. Bh3 Ne4 25. Qe2 f5 26. dxc5 Rxc5 27. Bg2 Kf7 28. Bxe4 fxe4 29. h4 h5 30. Qd2 Rxc2 31. Rxc2 Rxc2 32. Qxc2 Qc5 33. Qd2 1/2-1/2

[Event "WC-2017-S-00006"]
[Site "LSS email"]
[Date "2017.05.17"]
[Round "?"]
[White "Teverovski, Bogoljub"]
[Black "Schubert, Volker"]
[Result "1/2-1/2"]
[WhiteElo "2202"]
[BlackElo "2214"]
[PlyCount "25"]
[EventDate "2017.06.01"]
[EventType "tourn (corr)"]
[EventRounds "12"]
[EventCountry "GER"]
[SourceTitle "Corr 2024"]
[Source "ChessBase"]
[SourceDate "2023.10.19"]
[SourceVersion "1"]
[SourceVersionDate "2023.10.19"]
[SourceQuality "1"]

1. d4 d5 2. c4 c6 3. Nf3 Nf6 4. e3 Nbd7 5. cxd5 cxd5 6. Bd3 e6 7. 0-0 Bd6 8. Nc3 a6 9. e4 dxe4 10. Nxe4 Nxe4 11. Bxe4 Nf6 12. Bg5 0-0 13. Qe2 1/2-1/2